| 000 | 00932naa a22002777a 4500 | ||
|---|---|---|---|
| 001 | BR7604590 | ||
| 003 | BR-BrBNA | ||
| 005 | 20240918173929.0 | ||
| 007 | ta | ||
| 008 | 230509b bl.||||| |||| 00| 0 por d | ||
| 040 |
_aBR-BrBNA _bpor _cBiblioteca Nacional de Agricultura |
||
| 041 | _a(Pt) | ||
| 072 |
_aL02 _b3755 _b5214 |
||
| 090 | _aL02 BR7604590 | ||
| 100 | 1 | _aAndriguetto, J.M. | |
| 100 | 1 | _aMinardi, I. | |
| 245 | 1 | _aAspectos nutricionais relativos as vitaminas na nutricao do gado leiteiro | |
| 260 | 3 |
_aLondrina, PR (Brasil): _c[nd]. |
|
| 500 | _a1. Simposio de Tecnologia de Alimentos. Leite Londrina, PR (Brasil): [nd]. p. 129-140 (BR7604590-AM)L02 | ||
| 650 | _aGADO LEITEIRO | ||
| 650 | _aNUTRICAO | ||
| 650 | _aVITAMINA | ||
| 773 | 0 |
_t1. Simposio de Tecnologia de Alimentos. Leite _wL02 BR7604590 _gLondrina, PR (Brasil), [nd]. p. 129-140 |
|
| 909 |
_a202404 _bLucia _c55 _dLucia Elande |
||
| 942 |
_cAM _2AGRIS |
||
| 999 |
_c307761 _d307761 |
||